| 000 | 01084nam a22003497a 4500 | ||
|---|---|---|---|
| 003 | CHAP | ||
| 005 | 20220817044056.0 | ||
| 008 | 060203d2004 it a r 00110 eng d | ||
| 010 | _a91630 | ||
| 011 | _a92602 | ||
| 020 | _a9251052522 | ||
| 035 | _a103167 | ||
| 040 | _cCHAP | ||
| 082 | 0 | 4 |
_a301.24 _bF3y |
| 110 | 0 | _aFAO | |
| 245 | 1 | 0 |
_aParticipatory communication strategy design : _ba handbook _c/by Paolo Mefalopulos and Chris Kamlongera |
| 260 |
_aRome : _bFAO, _c2004. |
||
| 300 |
_aix,111 p. : _bilus. |
||
| 590 |
_aBATCH-UPD _b10 _c20130110 _lUCH01 _h0957 |
||
| 590 |
_aBATCH-UPD _b10 _c20130410 _lUCH01 _h0609 |
||
| 590 |
_aBATCH-UPD _b10 _c20130914 _lUCH01 _h1024 |
||
| 590 |
_aCONVERSION _b10 _c20130109 _lUCH01 _h1351 |
||
| 650 | 1 | 4 |
_aComunicación en agricultura. _926212 |
| 650 | 1 | 4 |
_aDesarrollo rural. _932067 |
| 650 | 1 | 4 |
_aExtensión agrícola. _939144 |
| 700 | 1 |
_aKamlongera, Chris _962654 |
|
| 700 | 1 |
_aMefalopulos, Paolo _974183 |
|
| 901 | _aBK | ||
| 905 | _aLilia | ||
| 942 | _cLIBRO | ||
| 949 |
_a301.24 F3y _bBC _cLIBRO _d33724000979860 _eLIBRO _h107667 _i103167 _sb |
||
| 999 |
_c91630 _d91630 |
||